[Event "Guernsey Open 48th"]
[Site "Guernsey"]
[Date "2024.10.14"]
[Round "2"]
[White "Forbes, Garry"]
[Black "Andrechak, Sean"]
[Result "1-0"]
[WhiteElo "1852"]
[BlackElo "1982"]
[PlyCount "25"]
[EventDate "2024.10.13"]
[EventType "swiss"]
[EventRounds "7"]
[EventCountry "GCI"]
[SourceTitle "BritBase"]
[Source "John Saunders"]
[SourceDate "2024.12.27"]
[SourceVersion "1"]
[SourceVersionDate "2024.12.27"]
[SourceQuality "1"]

1. c4 e6 2. g3 f5 3. Bg2 Nf6 4. Nc3 d5 5. cxd5 exd5 6. Qb3 c6 7. d4 Bd6 8. Nh3 Qb6 9. Qxb6 axb6 10. Bf4 Bxf4 11. Nxf4 O-O 12. e3 Re8 13. O-O {... phone made a noise} 1-0

[Event "Guernsey Open 48th"]
[Site "Guernsey"]
[Date "2024.10.14"]
[Round "2"]
[White "Strade, Arita"]
[Black "Krueger, Malte"]
[Result "1-0"]
[WhiteElo "1949"]
[BlackElo "1821"]
[PlyCount "71"]
[EventDate "2024.10.13"]
[EventType "swiss"]
[EventRounds "7"]
[EventCountry "GCI"]
[SourceTitle "BritBase"]
[Source "John Saunders"]
[SourceDate "2024.12.27"]
[SourceVersion "1"]
[SourceVersionDate "2024.12.27"]
[SourceQuality "1"]

1. e4 c6 2. d4 d5 3. exd5 cxd5 4. Bd3 Nc6 5. c3 Nf6 6. Bf4 Qb6 7. Qc2 g6 8. h3 Bd7 9. Nf3 Rc8 10. Qe2 Bg7 11. O-O O-O 12. Na3 a6 13. Rfe1 Rfe8 14. Ne5 e6 15. g4 Nxe5 16. dxe5 Ne4 17. Bxe4 dxe4 18. Nc4 Rxc4 19. Qxc4 Bc6 20. Rad1 Qxb2 21. Qb3 Qxb3 22. axb3 f6 23. exf6 Bxf6 24. c4 Rd8 25. Rxd8+ Bxd8 26. Bd6 Kf7 27. Kh2 Bh4 28. Bc5 Kf6 29. Rd1 Ke5 30. Bd6+ Kf6 31. Bg3 Bxg3+ 32. Kxg3 g5 33. Rd8 h6 34. h4 Kg6 35. h5+ Kf6 36. Rg8 1-0

[Event "Guernsey Open 48th"]
[Site "Guernsey"]
[Date "2024.10.14"]
[Round "2"]
[White "Morgan, Jamie"]
[Black "Dijksterhuis, Rolf"]
[Result "0-1"]
[WhiteElo "1807"]
[BlackElo "1937"]
[PlyCount "88"]
[EventDate "2024.10.13"]
[EventType "swiss"]
[EventRounds "7"]
[EventCountry "GCI"]
[SourceTitle "BritBase"]
[Source "John Saunders"]
[SourceDate "2024.12.27"]
[SourceVersion "1"]
[SourceVersionDate "2024.12.27"]
[SourceQuality "1"]

1. e4 c5 2. Nc3 Nc6 3. f4 g6 4. Nf3 Bg7 5. a4 d6 6. Bb5 Bd7 7. d3 a6 8. Bxc6 Bxc6 9. a5 Nf6 10. O-O O-O 11. Qe1 e6 12. e5 Ne8 13. Ne4 Bxe4 14. Qxe4 d5 15. Qe1 Rc8 16. Bd2 Nc7 17. d4 Qe7 18. dxc5 Qxc5+ 19. Rf2 Rfd8 20. Be3 Qc6 21. Bb6 Re8 22. Nd4 Qd7 23. Nb3 Bf8 24. Bc5 Bg7 25. Qb4 Nb5 26. Nd4 Rxc5 27. Qxc5 Rc8 28. Qb6 Bf8 29. Nb3 d4 30. c4 Rc6 31. cxb5 Rxb6 32. axb6 Qxb5 33. Nd2 Qxb6 34. Ne4 d3 35. Kf1 Qd4 36. Nf6+ Kg7 37. Rd1 Be7 38. Rfd2 Qxf4+ 39. Rf2 Qxe5 40. Ng4 Qd4 41. h3 f5 42. Nh2 Bc5 43. Rdd2 e5 44. Nf3 Qd5 0-1

[Event "Guernsey Open 48th"]
[Site "Guernsey"]
[Date "2024.10.14"]
[Round "2"]
[White "Rowe, Peter"]
[Black "Heppell, Ian N"]
[Result "1/2-1/2"]
[WhiteElo "1887"]
[BlackElo "1930"]
[PlyCount "50"]
[EventDate "2024.10.13"]
[EventType "swiss"]
[EventRounds "7"]
[EventCountry "GCI"]
[SourceTitle "BritBase"]
[Source "John Saunders"]
[SourceDate "2024.12.27"]
[SourceVersion "1"]
[SourceVersionDate "2024.12.27"]
[SourceQuality "1"]

1. d4 d6 2. Nf3 g6 3. c3 Bg7 4. Bf4 Nd7 5. e3 e5 6. Bg3 Qe7 7. Be2 Ngf6 8. h3 O-O 9. O-O Re8 10. Re1 e4 11. Nfd2 Nb6 12. a4 a5 13. Na3 Bd7 14. Nb5 Bxb5 15. Bxb5 c6 16. Bf1 Nfd5 17. Qb3 Qc7 18. c4 Nb4 19. c5 Nc8 20. Nc4 Bf8 21. cxd6 Nxd6 22. Nxd6 Bxd6 23. Bxd6 Qxd6 24. Bc4 Re7 25. Rad1 Rd8 1/2-1/2

[Event "Guernsey Open 48th"]
[Site "Guernsey"]
[Date "2024.10.14"]
[Round "2"]
[White "Canonne, Antoine"]
[Black "Downey, Keith"]
[Result "1-0"]
[WhiteElo "1910"]
[BlackElo "1829"]
[PlyCount "63"]
[EventDate "2024.10.13"]
[EventType "swiss"]
[EventRounds "7"]
[EventCountry "GCI"]
[SourceTitle "BritBase"]
[Source "John Saunders"]
[SourceDate "2024.12.27"]
[SourceVersion "1"]
[SourceVersionDate "2024.12.27"]
[SourceQuality "1"]

1. e4 c5 2. Nc3 e6 3. f4 Nc6 4. Nf3 Nge7 5. Bb5 a6 6. Bxc6 Nxc6 7. O-O d5 8. d3 Be7 9. Bd2 O-O 10. Qe1 b5 11. Ne2 Nb4 12. Bxb4 cxb4 13. Rc1 Bb7 14. e5 Rc8 15. d4 Rc4 16. Qd2 a5 17. Kh1 Qc7 18. g4 Rc8 19. Ne1 Bh4 20. Ng3 Qb6 21. Nf3 Be7 22. g5 Qc6 23. Rf2 a4 24. f5 a3 25. b3 Rc3 26. f6 Bf8 27. fxg7 Bxg7 28. Nh5 Qe8 29. Nf6+ Bxf6 30. gxf6 Kh8 31. Qh6 Qf8 32. Qh5 1-0

[Event "Guernsey Open 48th"]
[Site "Guernsey"]
[Date "2024.10.14"]
[Round "2"]
[White "Hoogakker, Peter"]
[Black "Rowe, Oliver"]
[Result "1-0"]
[WhiteElo "1907"]
[BlackElo "1721"]
[PlyCount "43"]
[EventDate "2024.10.13"]
[EventType "swiss"]
[EventRounds "7"]
[EventCountry "GCI"]
[SourceTitle "BritBase"]
[Source "John Saunders"]
[SourceDate "2024.12.27"]
[SourceVersion "1"]
[SourceVersionDate "2024.12.27"]
[SourceQuality "1"]

1. e4 d5 2. Nc3 d4 3. Nce2 e5 4. Nf3 Nd7 5. Ng3 Ngf6 6. Bc4 a6 7. Ng5 Nb6 8. Bxf7+ Ke7 9. Bb3 c5 10. d3 c4 11. dxc4 h6 12. Nf3 Qc7 13. O-O Be6 14. Nh4 Kd8 15. Ng6 Rg8 16. Nxf8 Rxf8 17. c3 Bxc4 18. Bxc4 Qxc4 19. Be3 Ke8 20. cxd4 exd4 21. b3 Qb4 22. Qxd4 1-0

[Event "Guernsey Open 48th"]
[Site "Guernsey"]
[Date "2024.10.14"]
[Round "2"]
[White "Warner, Nicholas"]
[Black "Giulian, Rosemary A"]
[Result "1/2-1/2"]
[WhiteElo "1796"]
[BlackElo "1894"]
[PlyCount "85"]
[EventDate "2024.10.13"]
[EventType "swiss"]
[EventRounds "7"]
[EventCountry "GCI"]
[SourceTitle "BritBase"]
[Source "John Saunders"]
[SourceDate "2024.12.27"]
[SourceVersion "1"]
[SourceVersionDate "2024.12.27"]
[SourceQuality "1"]

1. f4 d5 2. b3 Nf6 3. Bb2 g6 4. Nf3 Bg7 5. e3 O-O 6. Be2 c5 7. O-O Nc6 8. Ne5 d4 9. Nxc6 bxc6 10. Bf3 Ba6 11. Re1 Rc8 12. c4 Qd6 13. d3 dxe3 14. Be5 Qd8 15. Na3 Ne8 16. Rxe3 Nd6 17. Bxg7 Kxg7 18. g4 Ne8 19. Nc2 Rc7 20. Qe1 Qd6 21. Qc3+ Kg8 22. Qe5 Ng7 23. Rae1 f5 24. g5 Bb7 25. h4 Rd8 26. Be2 Kf7 27. Rd1 Ne6 28. Qxd6 Rxd6 29. Rf1 Bc8 30. Kg2 a5 31. Kg3 Rb7 32. h5 Nd4 33. hxg6+ hxg6 34. Nxd4 cxd4 35. Re5 Re6 36. Rxe6 Bxe6 37. Rh1 Kg7 38. Bd1 Bf7 39. Re1 c5 40. Re5 Rc7 41. Bf3 Kf8 42. Re1 Rc8 43. Re5 1/2-1/2

[Event "Guernsey Open 48th"]
[Site "Guernsey"]
[Date "2024.10.15"]
[Round "3"]
[White "Arkell, Keith C"]
[Black "Johnsen, Gunnar"]
[Result "1-0"]
[WhiteElo "2373"]
[BlackElo "2071"]
[PlyCount "47"]
[EventDate "2024.10.13"]
[EventType "swiss"]
[EventRounds "7"]
[EventCountry "GCI"]
[SourceTitle "BritBase"]
[Source "John Saunders"]
[SourceDate "2024.12.27"]
[SourceVersion "1"]
[SourceVersionDate "2024.12.27"]
[SourceQuality "1"]

1. c4 g6 2. Nf3 d6 3. d4 Bg7 4. Nc3 e5 5. e4 exd4 6. Nxd4 Nc6 7. Be3 Nge7 8. Be2 O-O 9. O-O f5 10. Nxc6 Nxc6 11. exf5 Bxf5 12. Qd2 Qd7 13. Rad1 Rad8 14. Bg5 Bf6 15. Bxf6 Rxf6 16. Nd5 Rff8 17. Qc3 Qf7 18. f4 Rde8 19. Bf3 Nd8 20. g4 Be4 21. Bxe4 Rxe4 22. Rde1 Rxe1 23. Rxe1 Ne6 24. g5 1-0

[Event "Guernsey Open 48th"]
[Site "Guernsey"]
[Date "2024.10.15"]
[Round "3"]
[White "Smith, Olivia"]
[Black "Toma, Katarzyna"]
[Result "1/2-1/2"]
[WhiteElo "2106"]
[BlackElo "2165"]
[PlyCount "126"]
[EventDate "2024.10.13"]
[EventType "swiss"]
[EventRounds "7"]
[EventCountry "GCI"]
[SourceTitle "BritBase"]
[Source "John Saunders"]
[SourceDate "2024.12.27"]
[SourceVersion "1"]
[SourceVersionDate "2024.12.27"]
[SourceQuality "1"]

1. e4 c5 2. Nc3 a6 3. Nge2 e6 4. g3 b5 5. Bg2 Bb7 6. d4 cxd4 7. Nxd4 Nf6 8. O-O d6 9. Re1 Qd7 10. Qd3 Be7 11. a4 b4 12. Na2 O-O 13. Bd2 a5 14. Nb5 Na6 15. Be3 Ng4 16. Rad1 Nxe3 17. Qxe3 Rfd8 18. b3 Rac8 19. Re2 Rc5 20. Nc1 Qc6 21. Nd4 Qc8 22. Nd3 Rc3 23. Qd2 Nc5 24. Nb5 Nxd3 25. cxd3 Rxb3 26. Qa2 Rc3 27. Nxc3 bxc3 28. d4 Qc7 29. Qb3 d5 30. exd5 Bxd5 31. Bxd5 Rxd5 32. Rc2 Bb4 33. Rd3 h6 34. Rdxc3 Bxc3 35. Rxc3 Qd7 36. Qc2 f5 37. Rc7 Qd6 38. Rc6 Qe7 39. Qe2 Rxd4 40. Rxe6 Qd7 41. Re7 Qd5 42. Qe6+ Qxe6 43. Rxe6 Rxa4 44. Re5 f4 45. gxf4 Kf7 46. Kg2 Kf6 47. Rb5 Ra3 48. Rc5 a4 49. Ra5 Ke6 50. Ra7 g6 51. Ra5 h5 52. Rg5 Kf6 53. Ra5 Kf7 54. Ra7+ Ke6 55. Ra5 Kf6 56. h3 h4 57. Ra8 Kf5 58. Rf8+ Ke4 59. Rf6 Ra1 60. Rxg6 a3 61. Ra6 Kxf4 62. Ra4+ Kg5 63. Rg4+ Kh5 1/2-1/2

[Event "Guernsey Open 48th"]
[Site "Guernsey"]
[Date "2024.10.15"]
[Round "3"]
[White "Giulian, Philip M"]
[Black "Hamperl, Fred A"]
[Result "1-0"]
[WhiteElo "2059"]
[BlackElo "1970"]
[PlyCount "85"]
[EventDate "2024.10.13"]
[EventType "swiss"]
[EventRounds "7"]
[EventCountry "GCI"]
[SourceTitle "BritBase"]
[Source "John Saunders"]
[SourceDate "2024.12.27"]
[SourceVersion "1"]
[SourceVersionDate "2024.12.27"]
[SourceQuality "1"]

1. e4 c5 2. c3 e6 3. d4 d5 4. e5 Nc6 5. Nf3 Qb6 6. Be2 f6 7. O-O fxe5 8. dxe5 Nge7 9. c4 d4 10. Nbd2 Qc7 11. Bd3 Nxe5 12. Nxe5 Qxe5 13. Re1 Qc7 14. Nf3 g6 15. Ng5 e5 16. Qf3 Nc6 17. Ne4 Be7 18. Bh6 Bf5 19. Bg7 Rg8 20. Nf6+ Bxf6 21. Bxf6 Rf8 22. Bxe5 Nxe5 23. Qd5 Rf7 24. Rxe5+ Kf8 25. Bxf5 Rd8 26. Qxc5+ Qxc5 27. Rxc5 Rxf5 28. Rxf5+ gxf5 29. Rd1 Ke7 30. Rd3 Ke6 31. f4 b5 32. b3 bxc4 33. bxc4 a5 34. Kf1 Rb8 35. Ke2 a4 36. Rxd4 a3 37. Rd2 Rb1 38. Kd3 Rh1 39. g3 Rb1 40. Kc3 Rb8 41. c5 Rb5 42. Rd6+ Ke7 43. Rh6 1-0

[Event "Guernsey Open 48th"]
[Site "Guernsey"]
[Date "2024.10.15"]
[Round "3"]
[White "Dilleigh, Stephen P"]
[Black "Strade, Arita"]
[Result "1-0"]
[WhiteElo "2029"]
[BlackElo "1949"]
[PlyCount "95"]
[EventDate "2024.10.13"]
[EventType "swiss"]
[EventRounds "7"]
[EventCountry "GCI"]
[SourceTitle "BritBase"]
[Source "John Saunders"]
[SourceDate "2024.12.27"]
[SourceVersion "1"]
[SourceVersionDate "2024.12.27"]
[SourceQuality "1"]

1. Nf3 Nf6 2. c4 g6 3. Nc3 Bg7 4. e4 d6 5. d4 O-O 6. Be2 c5 7. O-O cxd4 8. Nxd4 Nc6 9. Be3 h5 10. h3 Bd7 11. Qd2 Nxd4 12. Bxd4 Bc6 13. f3 Kh7 14. Rfd1 Bh6 15. Be3 Bxe3+ 16. Qxe3 Nd7 17. f4 Qb6 18. Qxb6 Nxb6 19. Kf2 Rad8 20. Ke3 a5 21. b3 e5 22. g3 Kg7 23. Rd2 h4 24. g4 exf4+ 25. Kxf4 f6 26. Rad1 g5+ 27. Ke3 Rde8 28. Rxd6 Nc8 29. R6d4 f5 30. gxf5 Rxf5 31. Bg4 Rfe5 32. Bd7 Rf8 33. Bxc6 bxc6 34. Rd8 Ne7 35. Rxf8 Kxf8 36. Kf3 Kf7 37. Rd6 Re6 38. Rxe6 Kxe6 39. Kg4 Kf6 40. e5+ Kxe5 41. Kxg5 Nf5 42. Na4 Ne3 43. Kxh4 Kf6 44. Kg3 Nf5+ 45. Kf4 Nd4 46. Nc5 Ne2+ 47. Ke3 Nc3 48. Ne4+ 1-0

[Event "Guernsey Open 48th"]
[Site "Guernsey"]
[Date "2024.10.15"]
[Round "3"]
[White "Thurlow, Kevin J"]
[Black "Forbes, Garry"]
[Result "1-0"]
[WhiteElo "2002"]
[BlackElo "1852"]
[PlyCount "89"]
[EventDate "2024.10.13"]
[EventType "swiss"]
[EventRounds "7"]
[EventCountry "GCI"]
[SourceTitle "BritBase"]
[Source "John Saunders"]
[SourceDate "2024.12.27"]
[SourceVersion "1"]
[SourceVersionDate "2024.12.27"]
[SourceQuality "1"]

1. c4 e5 2. Nc3 Nc6 3. e3 Nf6 4. Nf3 Bb4 5. Qc2 Bxc3 6. dxc3 O-O 7. e4 Nh5 8. Bg5 f6 9. Be3 g6 10. O-O-O b6 11. c5 bxc5 12. Bxc5 d6 13. Bc4+ Kh8 14. Bd5 Qe8 15. Be3 Be6 16. h4 Bxd5 17. exd5 Ne7 18. g4 Nf4 19. Bxf4 exf4 20. Qe4 Qf7 21. g5 f5 22. Qxf4 Kg8 23. c4 c6 24. Qxd6 cxd5 25. Rhe1 Nc8 26. Qxd5 Nb6 27. Qxf7+ Rxf7 28. b3 a5 29. Rd6 Nd7 30. Rd5 a4 31. Red1 axb3 32. axb3 Ra7 33. Kb2 Re7 34. Kc3 Rc7 35. Re1 Rxe1 36. Nxe1 Nc5 37. f3 Ne6 38. Nd3 Kf7 39. c5 Ke7 40. Kc4 Ra7 41. Ne5 Rc7 42. b4 Nf4 43. Rd2 Ne6 44. c6 Nd8 45. b5 1-0

[Event "Guernsey Open 48th"]
[Site "Guernsey"]
[Date "2024.10.15"]
[Round "3"]
[White "Kirby, Peter J"]
[Black "Agustsson, Hafsteinn"]
[Result "1/2-1/2"]
[WhiteElo "1998"]
[BlackElo "1763"]
[PlyCount "109"]
[EventDate "2024.10.13"]
[EventType "swiss"]
[EventRounds "7"]
[EventCountry "GCI"]
[SourceTitle "BritBase"]
[Source "John Saunders"]
[SourceDate "2024.12.27"]
[SourceVersion "1"]
[SourceVersionDate "2024.12.27"]
[SourceQuality "1"]

1. d4 d5 2. c4 e6 3. Nc3 Be7 4. cxd5 exd5 5. Bf4 c6 6. Qc2 Nf6 7. h3 O-O 8. e3 Nbd7 9. Nf3 Re8 10. Bd3 Nf8 11. O-O Ng6 12. Bh2 Bd6 13. Bxd6 Qxd6 14. Rab1 a5 15. a3 Nf8 16. b4 axb4 17. axb4 N8d7 18. Rfc1 b6 19. e4 dxe4 20. Nxe4 Nxe4 21. Bxe4 Bb7 22. Bxh7+ Kf8 23. Be4 Rac8 24. Bf5 Rcd8 25. Bxd7 Qxd7 26. Qh7 f6 27. Qh8+ Kf7 28. Qh5+ Kg8 29. Re1 Ba6 30. Qg4 Qxg4 31. hxg4 Bc8 32. Nh2 Rxe1+ 33. Rxe1 Kf7 34. Re4 c5 35. bxc5 bxc5 36. Nf3 cxd4 37. Rxd4 Rxd4 38. Nxd4 Bxg4 39. f3 Bd7 40. Kf2 Ke7 41. Ke3 Kd6 42. Ke4 Be6 43. Nf5+ Bxf5+ 44. Kxf5 Ke7 45. Kg6 Kf8 46. f4 Kg8 47. f5 Kh8 48. g3 Kg8 49. g4 Kh8 50. Kh5 Kh7 51. g5 fxg5 52. Kxg5 Kh8 53. Kg6 Kg8 54. f6 gxf6 55. Kxf6 1/2-1/2

[Event "Guernsey Open 48th"]
[Site "Guernsey"]
[Date "2024.10.15"]
[Round "3"]
[White "Dijksterhuis, Rolf"]
[Black "Krueger, Norbert"]
[Result "1/2-1/2"]
[WhiteElo "1937"]
[BlackElo "2032"]
[PlyCount "56"]
[EventDate "2024.10.13"]
[EventType "swiss"]
[EventRounds "7"]
[EventCountry "GCI"]
[SourceTitle "BritBase"]
[Source "John Saunders"]
[SourceDate "2024.12.27"]
[SourceVersion "1"]
[SourceVersionDate "2024.12.27"]
[SourceQuality "1"]

1. d4 f5 2. c4 e6 3. Nc3 Nf6 4. g3 Bb4 5. Bg2 O-O 6. Qc2 d6 7. a3 Bxc3+ 8. Qxc3 Qe7 9. Nf3 Nbd7 10. O-O e5 11. dxe5 dxe5 12. b4 c5 13. Nd2 e4 14. Nb3 b6 15. Rd1 Bb7 16. Bf4 Rfc8 17. Rab1 Qf7 18. b5 a6 19. a4 axb5 20. axb5 Ra4 21. Nd2 Rca8 22. Ra1 Qe8 23. Rxa4 Rxa4 24. Ra1 Qa8 25. Rxa4 Qxa4 26. f3 Qd1+ 27. Kf2 exf3 28. exf3 Qa4 1/2-1/2

[Event "Guernsey Open 48th"]
[Site "Guernsey"]
[Date "2024.10.15"]
[Round "3"]
[White "Waddington, Mike P"]
[Black "Canonne, Antoine"]
[Result "0-1"]
[WhiteElo "1988"]
[BlackElo "1910"]
[PlyCount "124"]
[EventDate "2024.10.13"]
[EventType "swiss"]
[EventRounds "7"]
[EventCountry "GCI"]
[SourceTitle "BritBase"]
[Source "John Saunders"]
[SourceDate "2024.12.27"]
[SourceVersion "1"]
[SourceVersionDate "2024.12.27"]
[SourceQuality "1"]

1. c4 e5 2. Nc3 Nc6 3. g3 f5 4. Bg2 Nf6 5. d3 Bb4 6. e3 Bxc3+ 7. bxc3 d6 8. Ne2 O-O 9. Rb1 Qe8 10. O-O b6 11. d4 Rb8 12. c5 Ba6 13. cxd6 cxd6 14. Ba3 Rd8 15. Re1 e4 16. Nf4 Bc4 17. Bf1 Bxf1 18. Rxf1 Rf7 19. c4 Na5 20. Rb4 Rc7 21. Qe2 Rdc8 22. Rc1 g5 23. Nh3 h6 24. Kg2 Qe7 25. c5 dxc5 26. dxc5 bxc5 27. Ra4 Nb7 28. Rxa7 c4 29. Ng1 c3 30. Rc2 Qd7 31. Qa6 Kg7 32. Ne2 Qd3 33. Qa4 Kg6 34. Ra6 Rc4 35. Qb3 Nc5 36. Bxc5 R8xc5 37. Qb8 Rc8 38. Qe5 R8c6 39. Rxc6 Rxc6 40. Nd4 Rb6 41. Qxf5+ Kg7 42. Rc1 Rb2 43. Ne6+ Kf7 44. Nd4 c2 45. Qe6+ Kg6 46. Nc6 Rb5 47. Ne5+ Rxe5 48. Qxe5 Qd2 49. Rxc2 Qxc2 50. Qe6 Qa4 51. h3 Qa5 52. g4 Qd5 53. Qa6 Qd1 54. a4 Qf3+ 55. Kg1 Qxh3 56. a5 Qxg4+ 57. Kf1 h5 58. Qd6 Qd7 59. Qb6 h4 60. a6 h3 61. Qb1 Qg4 62. a7 h2 0-1

[Event "Guernsey Open 48th"]
[Site "Guernsey"]
[Date "2024.10.15"]
[Round "3"]
[White "De Kruif, Kees"]
[Black "Wager, John D"]
[Result "1/2-1/2"]
[WhiteElo "1868"]
[BlackElo "1980"]
[PlyCount "48"]
[EventDate "2024.10.13"]
[EventType "swiss"]
[EventRounds "7"]
[EventCountry "GCI"]
[SourceTitle "BritBase"]
[Source "John Saunders"]
[SourceDate "2024.12.27"]
[SourceVersion "1"]
[SourceVersionDate "2024.12.27"]
[SourceQuality "1"]

1. b4 Nf6 2. Bb2 g6 3. e3 Bg7 4. c4 O-O 5. Nf3 d6 6. Be2 e5 7. d3 b6 8. O-O Bb7 9. Nbd2 Nbd7 10. Qc2 Qe7 11. a4 a5 12. b5 Ne8 13. d4 f5 14. dxe5 Nxe5 15. Rfe1 Rd8 16. Rad1 Nxf3+ 17. Bxf3 Bxf3 18. Nxf3 Nf6 19. Re2 Ne4 20. Bxg7 Qxg7 21. Nd4 Rde8 22. f3 Nc5 23. Qa2 Rf7 24. Nb3 Nxb3 1/2-1/2

[Event "Guernsey Open 48th"]
[Site "Guernsey"]
[Date "2024.10.15"]
[Round "3"]
[White "Andrechak, Sean"]
[Black "Hoogakker, Peter"]
[Result "1/2-1/2"]
[WhiteElo "1982"]
[BlackElo "1907"]
[PlyCount "36"]
[EventDate "2024.10.13"]
[EventType "swiss"]
[EventRounds "7"]
[EventCountry "GCI"]
[SourceTitle "BritBase"]
[Source "John Saunders"]
[SourceDate "2024.12.27"]
[SourceVersion "1"]
[SourceVersionDate "2024.12.27"]
[SourceQuality "1"]

1. e4 d6 2. Bc4 Nf6 3. Nc3 e5 4. Nf3 Be7 5. d3 h6 6. h3 Nbd7 7. Be3 c6 8. Qd2 Nf8 9. d4 Qc7 10. O-O g5 11. dxe5 dxe5 12. Ne1 Ng6 13. f3 Nh5 14. Nd3 Nhf4 15. Ne2 Bd7 16. Nc5 O-O-O 17. Nxd7 Rxd7 18. Qe1 Rf8 1/2-1/2

[Event "Guernsey Open 48th"]
[Site "Guernsey"]
[Date "2024.10.15"]
[Round "3"]
[White "Heppell, Ian N"]
[Black "Marceil, Jean"]
[Result "1-0"]
[WhiteElo "1930"]
[BlackElo "1862"]
[PlyCount "37"]
[EventDate "2024.10.13"]
[EventType "swiss"]
[EventRounds "7"]
[EventCountry "GCI"]
[SourceTitle "BritBase"]
[Source "John Saunders"]
[SourceDate "2024.12.27"]
[SourceVersion "1"]
[SourceVersionDate "2024.12.27"]
[SourceQuality "1"]

1. e4 e6 2. d4 d5 3. exd5 exd5 4. Nf3 Bd6 5. c4 c6 6. Nc3 Ne7 7. Bg5 f6 8. Be3 Qa5 9. c5 Bc7 10. a3 b5 11. b4 Qa6 12. a4 Qb7 13. axb5 O-O 14. Qa4 cxb5 15. Bxb5 Rd8 16. O-O a5 17. Be2 Bd7 18. b5 Be8 19. Qa3 1-0

[Event "Guernsey Open 48th"]
[Site "Guernsey"]
[Date "2024.10.15"]
[Round "3"]
[White "Krueger, Malte"]
[Black "Matthews, Gabriel"]
[Result "0-1"]
[WhiteElo "1821"]
[BlackElo "1910"]
[PlyCount "78"]
[EventDate "2024.10.13"]
[EventType "swiss"]
[EventRounds "7"]
[EventCountry "GCI"]
[SourceTitle "BritBase"]
[Source "John Saunders"]
[SourceDate "2024.12.27"]
[SourceVersion "1"]
[SourceVersionDate "2024.12.27"]
[SourceQuality "1"]

1. e4 e6 2. Nf3 d5 3. exd5 exd5 4. d4 Bd6 5. Bd3 Ne7 6. Be3 Bg4 7. h3 Bf5 8. Nc3 c6 9. Ne2 Qc7 10. Bg5 f6 11. Bh4 Nd7 12. Bg3 O-O-O 13. Bxd6 Qxd6 14. Ng3 Bg6 15. Qd2 Nf8 16. O-O-O Ne6 17. Bxg6 hxg6 18. Ne2 g5 19. Kb1 Rde8 20. Qa5 Kb8 21. Rd3 Qc7 22. Qxc7+ Kxc7 23. Rdd1 Ng6 24. g3 Rh7 25. Nd2 Reh8 26. Ng1 Nxd4 27. c3 Ne6 28. Re1 Kd7 29. Kc2 Ne7 30. a4 g4 31. h4 g5 32. f3 gxh4 33. fxg4 hxg3 34. Rxh7 Rxh7 35. Ne2 Rh4 36. Nxg3 Rxg4 37. Nh5 Rg6 38. Nb3 f5 39. Kd3 Rh6 0-1

[Event "Guernsey Open 48th"]
[Site "Guernsey"]
[Date "2024.10.15"]
[Round "3"]
[White "Giulian, Rosemary A"]
[Black "Morgan, Jamie"]
[Result "1-0"]
[WhiteElo "1894"]
[BlackElo "1807"]
[PlyCount "69"]
[EventDate "2024.10.13"]
[EventType "swiss"]
[EventRounds "7"]
[EventCountry "GCI"]
[SourceTitle "BritBase"]
[Source "John Saunders"]
[SourceDate "2024.12.27"]
[SourceVersion "1"]
[SourceVersionDate "2024.12.27"]
[SourceQuality "1"]

1. e4 c5 2. c3 d5 3. exd5 Qxd5 4. d4 g6 5. Nf3 Bg7 6. Nbd2 Nf6 7. Bc4 Qh5 8. Nb3 cxd4 9. Nbxd4 O-O 10. O-O Nc6 11. Nxc6 bxc6 12. Re1 Bg4 13. Rxe7 Qc5 14. Qe2 Be6 15. Rxe6 fxe6 16. Qxe6+ Kh8 17. Be3 Qh5 18. Qe5 Qg4 19. Be6 Qa4 20. Bb3 Qb5 21. Qxb5 cxb5 22. Ng5 h6 23. Ne6 Rfc8 24. Bd4 a5 25. Nxg7 Kxg7 26. Bd5 Rab8 27. Bf3 b4 28. Rd1 a4 29. cxb4 Rxb4 30. Bc3 Rb6 31. a3 Kf7 32. g3 Ke6 33. Rd4 Rb5 34. Rxa4 Nd5 35. Bg4+ 1-0

[Event "Guernsey Open 48th"]
[Site "Guernsey"]
[Date "2024.10.15"]
[Round "3"]
[White "Warner, Nicholas"]
[Black "Rowe, Peter"]
[Result "0-1"]
[WhiteElo "1796"]
[BlackElo "1887"]
[PlyCount "38"]
[EventDate "2024.10.13"]
[EventType "swiss"]
[EventRounds "7"]
[EventCountry "GCI"]
[SourceTitle "BritBase"]
[Source "John Saunders"]
[SourceDate "2024.12.27"]
[SourceVersion "1"]
[SourceVersionDate "2024.12.27"]
[SourceQuality "1"]

1. f4 d5 2. b3 Nf6 3. Bb2 Bf5 4. e3 h6 5. Nf3 e6 6. Bb5+ c6 7. Be2 Nbd7 8. h3 Qc7 9. Ne5 Nxe5 10. Bxe5 Bd6 11. Bxd6 Qxd6 12. Bd3 Bxd3 13. cxd3 d4 14. O-O dxe3 15. dxe3 Rd8 16. d4 c5 17. Qd3 cxd4 18. Rd1 O-O 19. Qxd4 Qc7 0-1

[Event "Guernsey Open 48th"]
[Site "Guernsey"]
[Date "2024.10.16"]
[Round "4"]
[White "Smith, Olivia"]
[Black "Arkell, Keith C"]
[Result "1-0"]
[WhiteElo "2106"]
[BlackElo "2373"]
[PlyCount "85"]
[EventDate "2024.10.13"]
[EventType "swiss"]
[EventRounds "7"]
[EventCountry "GCI"]
[SourceTitle "BritBase"]
[Source "John Saunders"]
[SourceDate "2024.12.27"]
[SourceVersion "1"]
[SourceVersionDate "2024.12.27"]
[SourceQuality "1"]

1. e4 g6 2. d4 Bg7 3. Nc3 d6 4. f4 a6 5. Nf3 b5 6. a4 b4 7. Na2 a5 8. c3 bxc3 9. Nxc3 c6 10. Bc4 e6 11. O-O d5 12. Be2 Nf6 13. e5 Nfd7 14. b3 Ba6 15. Ba3 h5 16. Kh1 Bf8 17. Ng5 Bxa3 18. Rxa3 Qb6 19. Ra2 Bxe2 20. Nxe2 Na6 21. f5 gxf5 22. Nf4 Ke7 23. Raf2 Rag8 24. h4 Nb4 25. Ne2 Rg7 26. Ng3 Ke8 27. Rxf5 exf5 28. Nxf5 Rxg5 29. Nd6+ Kd8 30. Nxf7+ Kc7 31. hxg5 Re8 32. g6 c5 33. Nd6 Rg8 34. Qxh5 Qb8 35. g7 Qd8 36. dxc5 Nc6 37. e6 Nde5 38. Rf7+ Kb8 39. e7 Nxe7 40. Qxe5 Ng6 41. Qg3 Ka8 42. Nb5 Rxg7 43. Nc7+ 1-0